000 01579nam a2200145Ia 4500
005 20260209120133.0
008 260209s9999||||xx |||||||||||||| ||und||
100 _aShilpi Roy Choudhury
245 0 _aParental rights vs. Child rights : the problem of cultural perspectives
260 _aBangaloreBangalore
_bNLSIU
_c2014
300 _a73 p. ; 25 cm.
505 _aTable of Contents 1. RESEARCH METHODOLOGY ; Aims and objectives ; Statement of research problem ; Hypothesis ; Research questions; Scope and limitation ; Research Methodology ; Sources ; Mode of citation ; 2. INTRODUCTION ; 3. THE NOTION OF CHILDHOOD AND CHILD PARENT RELATIONSHIP; Childhood as viewed in history ; The modern child-parent relationship ; Do children have rights? ; Evolving capacities of the child ; Autonomy ; 4. INTERNATIONAL SOURCES OF LAW ; 5. ANALYSING AND DEFINING THE EVOLVING CAPACITY AND AUTONOMY OF THE CHILD: AN OVERVIEW OF INTERNATIONAL LEGAL; FRAMEWORK ; United Nations Convention for the Rights of the Child 1989 ; Article 5 ; Article 12 ; Article 5 and 12: correlation and conflict; 6. CHALLENGES ; Child Rights Committee ; Determining the capacity of the child ; Balancing the rights of parents and children ; Reservations to the UNCRC ; 7. THE WAY FORWARD ; The pluralism principle ; Child participation in India ; 8. CONCLUSION ; 9. BIBLIOGRAPHY ; Books ; International documents ; Cases ; Articles and Journals ; Web Sources.
700 _aProf. (Dr.) Sarasu Esther Thomas - GuideProf. (Dr.) Sarasu Esther Thomas - Guide
856 _uhttps://dans.nls.ac.in/handle/123456789/1748
999 _c217130
_d217130